000 01210nac a22003737a 4500
001 BR8003434
003 BR-BrBNA
005 20240105114716.0
008 230509b bl.|||m| |||| 00| 0 por d
040 _aBR-BrBNA
_bpor
_cBiblioteca Nacional de Agricultura
072 _aL73
090 _a5212 BR8003434
100 1 _aSantos, J.A. dos
100 1 _aMedeiros, M.I.M.
100 1 _aCosta, C.H.C.
100 1 _aRibeiro, A. das G.P.
100 1 _aVollu, E.W.
110 1 _aEmpresa de Pesquisa Agropecuaria do Estado do Rio de Janeiro, RJ (Brasil)
_94128
245 1 _aCarcinomas pulmonares em bezerros e o possivel papel do virus da leucose bovina e sua etiologia - Cantagalo - Rio de Janeiro [Brasil]
260 3 _aRio de Janeiro, RJ (Brasil):
_c1980.
300 _a4 p.
490 _aPesquisa em Andamento - Empresa de Pesquisa Agropecuaria do Estado do Rio de Janeiro (Brazil)
_vno. 2
_x
500 _a16 ref.
650 _aBEZERRO
650 _aBOVINO
650 _aVIRUS
650 _aCARCINOMA PULMONAR
650 _aLEUCOSE
650 _aTUMOR
650 _aCANTAGALO
650 _aRIO DE JANEIRO
909 _a202312
_bLúcia Elande
_c55
_dLúcia Elande
942 _2AGRIS
_n0
_cMS
999 _c270864
_d270864